[Event "Mecklenburg VP-ch MT"]
[Site "Greifswald"]
[Date "2019.04.15"]
[Round "5.5"]
[White "Morejko, Wojciech"]
[Black "Lange, Jannis"]
[Result "0-1"]
[WhiteElo "1861"]
[BlackElo "2036"]
[PlyCount "76"]
[EventDate "2019.04.13"]
[EventType "swiss"]
[EventRounds "7"]
[EventCountry "GER"]
[SourceTitle "EXT 2023"]
[Source "ChessBase"]
[SourceDate "2022.10.05"]
[SourceVersion "1"]
[SourceVersionDate "2022.10.05"]
[SourceQuality "1"]

1. e4 c5 2. Nf3 Nc6 3. d4 cxd4 4. Nxd4 Nf6 5. Nc3 d6 6. Bg5 e5 7. Ndb5 a6 8. Na3 b5 9. Nd5 Be7 10. Bxf6 Bxf6 11. c3 Bg5 12. Nc2 0-0 13. Nce3 Rb8 14. Be2 a5 15. 0-0 Be6 16. Kh1 Ne7 17. Nxe7+ Qxe7 18. Nd5 Qb7 19. Rb1 Bxd5 20. exd5 f5 21. c4 bxc4 22. Bxc4 Qb4 23. b3 Rf6 24. g3 Qd2 25. Qxd2 Bxd2 26. Rfd1 Bb4 27. a4 e4 28. Rb2 Rbf8 29. Re2 Re8 30. Bb5 Re7 31. Rc1 Bc5 32. Rc4 Kf7 33. h4 Re5 34. Bc6 Kf8 35. Bd7 Rxd5 36. b4 axb4 37. a5 Rd1+ 38. Kg2 Ra1 0-1

[Event "Mecklenburg VP-ch MT"]
[Site "Greifswald"]
[Date "2019.04.14"]
[Round "3.5"]
[White "Krasov, Oleksi"]
[Black "Morejko, Wojciech"]
[Result "1-0"]
[WhiteElo "1953"]
[BlackElo "1861"]
[PlyCount "125"]
[EventDate "2019.04.13"]
[EventType "swiss"]
[EventRounds "7"]
[EventCountry "GER"]
[SourceTitle "EXT 2023"]
[Source "ChessBase"]
[SourceDate "2022.10.05"]
[SourceVersion "1"]
[SourceVersionDate "2022.10.05"]
[SourceQuality "1"]

1. d4 Nf6 2. Nf3 g6 3. Bf4 Bg7 4. h3 b6 5. e3 Bb7 6. Be2 d6 7. 0-0 0-0 8. Nbd2 c5 9. c3 Nbd7 10. Qb3 cxd4 11. exd4 d5 12. Rfe1 Re8 13. Bd3 Nh5 14. Bh2 Bh6 15. g4 Nf4 16. Bf1 Ne6 17. Rad1 Bf4 18. Bxf4 Nxf4 19. Ne5 Nxe5 20. Rxe5 e6 21. Nf3 Qf6 22. Bg2 Nxh3+ 23. Kf1 Nf4 24. g5 Qg7 25. Qc2 Re7 26. Qd2 Nxg2 27. Kxg2 f6 28. gxf6 Qxf6 29. Rde1 Rf8 30. Qe3 Ref7 31. Ng5 Qxf2+ 32. Qxf2 Rxf2+ 33. Kg3 Bc8 34. R1e2 Rxe2 35. Rxe2 Rf6 36. Nf3 Ba6 37. Re3 Bb5 38. b3 Kf7 39. Ne5+ Ke7 40. c4 dxc4 41. bxc4 Bd7 42. Ra3 a5 43. Rb3 Ba4 44. Rxb6 Bc2 45. Rb7+ Kd8 46. Rxh7 Rf1 47. Nc6+ Kc8 48. Nxa5 Rg1+ 49. Kf2 Ra1 50. Nb7 Rxa2 51. Nd6+ Kd8 52. Rg7 Ra3 53. Nf7+ Ke8 54. Ne5 Ra4 55. Ke3 Ra3+ 56. Kf4 Ra1 57. Kg5 Rf1 58. c5 Rf5+ 59. Kg4 Rf1 60. c6 Kd8 61. c7+ Kc8 62. Nc4 Bf5+ 63. Kg5 1-0

[Event "Mecklenburg VP-ch MT"]
[Site "Greifswald"]
[Date "2019.04.14"]
[Round "4.7"]
[White "Morejko, Wojciech"]
[Black "Wolter, Guenter"]
[Result "1/2-1/2"]
[WhiteElo "1861"]
[BlackElo "1849"]
[PlyCount "63"]
[EventDate "2019.04.13"]
[EventType "swiss"]
[EventRounds "7"]
[EventCountry "GER"]
[SourceTitle "EXT 2023"]
[Source "ChessBase"]
[SourceDate "2022.10.05"]
[SourceVersion "1"]
[SourceVersionDate "2022.10.05"]
[SourceQuality "1"]

1. c4 Nf6 2. d4 e6 3. g3 d5 4. Bg2 Bb4+ 5. Bd2 Bxd2+ 6. Nxd2 0-0 7. Ngf3 Nbd7 8. Qc2 b6 9. 0-0 c5 10. cxd5 Nxd5 11. Rad1 Ba6 12. Rfe1 Rc8 13. dxc5 Rxc5 14. Qb1 Qc7 15. Ne4 Rc2 16. Nd4 Rc4 17. Ng5 N5f6 18. Ndxe6 fxe6 19. Nxe6 Qc8 20. Nxf8 Kxf8 21. Bh3 Rc7 22. Rd2 Qe8 23. Red1 Bc8 24. Qd3 Ne4 25. Qf3+ Nef6 26. Qf4 Rb7 27. Bg2 Rb8 28. Bc6 Kg8 29. Qxb8 Nxb8 30. Bxe8 Nxe8 31. Rd8 Bd7 32. Rxb8 1/2-1/2

[Event "Mecklenburg VP-ch MT"]
[Site "Greifswald"]
[Date "2019.04.13"]
[Round "1.5"]
[White "Fromm, Marius"]
[Black "Morejko, Wojciech"]
[Result "1-0"]
[WhiteElo "2031"]
[BlackElo "1861"]
[PlyCount "67"]
[EventDate "2019.04.13"]
[EventType "swiss"]
[EventRounds "7"]
[EventCountry "GER"]
[SourceTitle "EXT 2023"]
[Source "ChessBase"]
[SourceDate "2022.10.05"]
[SourceVersion "1"]
[SourceVersionDate "2022.10.05"]
[SourceQuality "1"]

1. Nf3 d5 2. c4 Nf6 3. cxd5 Nxd5 4. d4 Bg4 5. e4 Bxf3 6. gxf3 Nb6 7. Nc3 e6 8. Be3 c6 9. Qd2 Bb4 10. a3 Be7 11. Rg1 g6 12. 0-0-0 N8d7 13. Kb1 Qc7 14. f4 0-0-0 15. Rc1 a6 16. Bg2 Nc4 17. Qe2 Nxe3 18. fxe3 Qb6 19. Ka2 Kb8 20. e5 Qa5 21. Ne4 Nb6 22. Rc3 Nd5 23. Rb3 Rd7 24. Rc1 Ka7 25. Nd2 Rc8 26. Nc4 Qd8 27. Qf2 h5 28. e4 Nxf4 29. d5+ Kb8 30. Nb6 Nxg2 31. Qxg2 exd5 32. Nxc8 Kxc8 33. Qf1 Bg5 34. Rxc6+ 1-0

[Event "Mecklenburg VP-ch MT"]
[Site "Greifswald"]
[Date "2019.04.13"]
[Round "2.8"]
[White "Morejko, Wojciech"]
[Black "Schulz, Daniel1"]
[Result "1/2-1/2"]
[WhiteElo "1861"]
[BlackElo "1819"]
[PlyCount "36"]
[EventDate "2019.04.13"]
[EventType "swiss"]
[EventRounds "7"]
[EventCountry "GER"]
[SourceTitle "EXT 2023"]
[Source "ChessBase"]
[SourceDate "2022.10.05"]
[SourceVersion "1"]
[SourceVersionDate "2022.10.05"]
[SourceQuality "1"]

1. c4 e5 2. Nc3 Nf6 3. g3 Bc5 4. Bg2 0-0 5. a3 c6 6. Nf3 d6 7. 0-0 a6 8. d4 exd4 9. Nxd4 Nbd7 10. Nb3 Bb4 11. Qc2 Ne5 12. Nd2 Be6 13. b3 d5 14. cxd5 Nxd5 15. Bb2 Nxc3 16. Bxc3 Bxc3 17. Qxc3 Qc7 18. Nf3 Nxf3+ 1/2-1/2

[Event "Lisbon Portugal op"]
[Site "Lisbon"]
[Date "2019.02.02"]
[Round "1"]
[White "Morejko, Wojciech"]
[Black "Pantzar, Milton"]
[Result "0-1"]
[WhiteElo "1879"]
[BlackElo "2331"]
[PlyCount "82"]
[EventDate "2019.02.02"]
[EventType "swiss"]
[EventRounds "9"]
[EventCountry "POR"]
[SourceTitle "CBM 188 Extra"]
[Source "ChessBase"]
[SourceDate "2019.02.28"]
[SourceVersion "1"]
[SourceVersionDate "2019.02.28"]
[SourceQuality "1"]

1. c4 e6 2. d4 d5 3. g3 Nf6 4. Bg2 Bb4+ 5. Bd2 Be7 6. Nf3 0-0 7. 0-0 c6 8. Qc2 Nbd7 9. Bf4 Ne4 10. Nc3 g5 11. Bc1 f5 12. cxd5 exd5 13. Rd1 h6 14. Ne5 Nxe5 15. dxe5 Qe8 16. Nxe4 fxe4 17. Be3 Bg4 18. h3 Be6 19. Rac1 Rf7 20. Rf1 c5 21. Rcd1 Bf8 22. Kh2 Rd8 23. Bc1 Bf5 24. Qb3 Qxe5 25. f4 exf3 26. exf3 c4 27. Qb5 Bd3 28. Rfe1 Qd6 29. f4 a6 30. Qa5 b6 31. Qc3 Bg7 32. Qd2 gxf4 33. gxf4 Rdf8 34. Qf2 Kh8 35. Kh1 Rf5 36. a3 d4 37. b3 b5 38. bxc4 bxc4 39. Qf3 Bc2 40. Bb2 Bxd1 41. Rxd1 Rxf4 0-1

[Event "Mecklenburg VP LL2 Ost 1819"]
[Site "Mecklenburg VP"]
[Date "2018.11.25"]
[Round "3.1"]
[White "Morejko, Wojciech"]
[Black "Schamber, Dennis"]
[Result "1/2-1/2"]
[WhiteElo "1737"]
[BlackElo "1770"]
[PlyCount "117"]
[EventDate "2018.10.21"]
[EventType "team-tourn"]
[EventRounds "9"]
[EventCountry "GER"]
[SourceTitle "EXT 2022"]
[Source "ChessBase"]
[SourceDate "2021.10.06"]
[SourceVersion "1"]
[SourceVersionDate "2021.10.06"]
[SourceQuality "1"]
[WhiteTeam "Ribnitz Damgarten"]
[BlackTeam "Rostock Makkabi"]
[WhiteTeamCountry "GER"]
[BlackTeamCountry "GER"]

1. d4 Nf6 2. c4 g6 3. g3 Bg7 4. Bg2 0-0 5. Nf3 d6 6. 0-0 Nbd7 7. Qc2 c5 8. Rd1 cxd4 9. Nxd4 a6 10. Nc3 Qc7 11. b3 Rb8 12. Bb2 Ne5 13. Rac1 Nc6 14. Nxc6 bxc6 15. Na4 Bh6 16. e3 Bg4 17. Re1 Bg7 18. f3 Be6 19. e4 Nd7 20. Bxg7 Kxg7 21. Qf2 Qa5 22. f4 Rb4 23. Bf1 Re8 24. Qd4+ Kg8 25. Qc3 Rxa4 26. bxa4 Qxa4 27. Rcd1 Rb8 28. f5 gxf5 29. exf5 Bxf5 30. Qf3 Be6 31. Qf4 Qa5 32. Bd3 Ne5 33. Bb1 Ng6 34. Qh6 Bg4 35. Rc1 Qc5+ 36. Qe3 Qxe3+ 37. Rxe3 Ne5 38. Rb3 Rxb3 39. axb3 c5 40. Be4 Nf3+ 41. Bxf3 Bxf3 42. Ra1 Bb7 43. Kf2 Kg7 44. Ke3 f5 45. Ra2 Kf6 46. Rd2 h6 47. Re2 h5 48. Rd2 Ke5 49. Kd3 e6 50. Kc3 d5 51. cxd5 exd5 52. Re2+ Kd6 53. Re8 d4+ 54. Kb2 Bf3 55. Rf8 Ke5 56. Rc8 Kd6 57. Rd8+ Kc7 58. Rf8 Bg4 59. Rf6 1/2-1/2

[Event "Mecklenburg VP LL2 Ost 1819"]
[Site "Mecklenburg VP"]
[Date "2018.10.21"]
[Round "1.1"]
[White "Morejko, Wojciech"]
[Black "Hoerhold, Martin"]
[Result "0-1"]
[WhiteElo "1737"]
[BlackElo "1798"]
[PlyCount "60"]
[EventDate "2018.10.21"]
[EventType "team-tourn"]
[EventRounds "9"]
[EventCountry "GER"]
[SourceTitle "EXT 2022"]
[Source "ChessBase"]
[SourceDate "2021.10.06"]
[SourceVersion "1"]
[SourceVersionDate "2021.10.06"]
[SourceQuality "1"]
[WhiteTeam "Ribnitz Damgarten"]
[BlackTeam "Neubrandenburg SG Eintracht II"]
[WhiteTeamCountry "GER"]
[BlackTeamCountry "GER"]

1. d4 Nf6 2. Bg5 g6 3. Nd2 Bg7 4. e4 d6 5. Ngf3 0-0 6. Be2 c6 7. 0-0 b5 8. c3 Bb7 9. e5 dxe5 10. Nxe5 Nd5 11. Nd3 Nd7 12. Ne4 Qc7 13. Qd2 Rfe8 14. Bh6 Bh8 15. f4 N5f6 16. Nxf6+ Nxf6 17. Bf3 Rad8 18. Nc5 Bc8 19. Qe2 Nd5 20. Rae1 b4 21. Bxd5 Rxd5 22. Bg5 bxc3 23. bxc3 Qa5 24. Qb2 Rxc5 25. dxc5 Bxc3 26. Qc1 Bd2 27. Qd1 Qxc5+ 28. Kh1 Bxe1 29. Rxe1 Be6 30. h3 Qd5 0-1

[Event "Mecklenburg VP-ch op"]
[Site "Neubrandenburg"]
[Date "2018.04.30"]
[Round "5.1"]
[White "Perez Celis, Alba"]
[Black "Morejko, Wojciech"]
[Result "1/2-1/2"]
[WhiteElo "1797"]
[BlackElo "1801"]
[PlyCount "67"]
[EventDate "2018.04.28"]
[EventType "swiss"]
[EventRounds "7"]
[EventCountry "GER"]
[SourceTitle "EXT 2023"]
[Source "ChessBase"]
[SourceDate "2022.10.05"]
[SourceVersion "1"]
[SourceVersionDate "2022.10.05"]
[SourceQuality "1"]

1. e4 Nf6 2. e5 Nd5 3. c4 Nb6 4. d4 d6 5. f4 dxe5 6. fxe5 Nc6 7. Be3 g6 8. h3 Bg7 9. Nf3 0-0 10. Nc3 Bf5 11. Be2 Nb4 12. Rc1 c6 13. a3 Na6 14. 0-0 Be6 15. Ne4 Nc7 16. Qd2 Qc8 17. Nfg5 Bh6 18. Nxe6 Bxe3+ 19. Qxe3 Nxe6 20. Bg4 Qd8 21. Bxe6 fxe6 22. Rxf8+ Qxf8 23. Nc5 Qf5 24. Rf1 Qh5 25. Nxe6 Nxc4 26. Qc3 Nb6 27. Qb3 Kh8 28. Nc7 Rg8 29. Qf7 Nd5 30. Ne6 Qh6 31. Kh2 g5 32. Rf5 g4 33. Nf4 Nxf4 34. Rxf4 1/2-1/2

[Event "Mecklenburg VP LL2 Ost 1718"]
[Site "Mecklenburg VP"]
[Date "2018.04.22"]
[Round "9.4"]
[White "Morejko, Wojciech"]
[Black "Joers, Pia Milena"]
[Result "1-0"]
[WhiteElo "1608"]
[BlackElo "1623"]
[PlyCount "81"]
[EventDate "2017.10.08"]
[EventType "team-tourn"]
[EventRounds "9"]
[EventCountry "GER"]
[SourceTitle "EXT 2022"]
[Source "ChessBase"]
[SourceDate "2021.10.06"]
[SourceVersion "1"]
[SourceVersionDate "2021.10.06"]
[SourceQuality "1"]
[WhiteTeam "Ribnitz Damgarten"]
[BlackTeam "Guestrow/Teterow II"]
[WhiteTeamCountry "GER"]
[BlackTeamCountry "GER"]

1. c4 Nf6 2. Nf3 e6 3. d4 d5 4. Nc3 c6 5. Bg5 Nbd7 6. e3 Bb4 7. Bd3 Qa5 8. 0-0 Bxc3 9. bxc3 Qxc3 10. cxd5 cxd5 11. Rc1 Qa3 12. Qc2 0-0 13. Rb1 b6 14. Rb3 Qd6 15. Bf4 Qe7 16. Qc6 Rb8 17. Bxb8 Nxb8 18. Qa4 Qc7 19. Qa3 Nc6 20. Rc1 Qb7 21. Rbc3 Na5 22. Rc7 Qb8 23. Qxf8+ Kxf8 24. Rxc8+ Qxc8 25. Rxc8+ Ke7 26. Rc7+ Kf8 27. Rxa7 Nc6 28. Rc7 Nb4 29. Ne5 Nxd3 30. Nxd3 Ne8 31. Rb7 Nd6 32. Rxb6 Nc4 33. Rb7 f6 34. Nc5 e5 35. dxe5 fxe5 36. a4 d4 37. exd4 exd4 38. Ne6+ Kg8 39. Nxd4 h6 40. Nf5 Kf8 41. Rc7 1-0

[Event "Rostock SSC op 16th"]
[Site "Rostock"]
[Date "2017.07.29"]
[Round "6"]
[White "Dettmann, Nils"]
[Black "Morejko, Wojciech"]
[Result "1/2-1/2"]
[WhiteElo "1770"]
[BlackElo "1547"]
[PlyCount "41"]
[EventDate "2017.07.26"]
[EventType "swiss"]
[EventRounds "7"]
[EventCountry "GER"]
[SourceTitle "EXT 2018"]
[Source "ChessBase"]
[SourceDate "2017.10.13"]
[SourceVersion "1"]
[SourceVersionDate "2017.10.13"]
[SourceQuality "1"]

1. e4 c5 2. c3 e6 3. d4 d5 4. exd5 exd5 5. Nf3 Nf6 6. Bb5+ Nc6 7. 0-0 Be7 8. dxc5 Bxc5 9. Re1+ Be7 10. Bg5 0-0 11. Nbd2 Bg4 12. Be2 Rc8 13. Nb3 Ne4 14. Bxe7 Nxe7 15. Nfd4 Bxe2 16. Qxe2 Ng6 17. Rad1 Qg5 18. Nf3 Qg4 19. Nfd4 Qg5 20. Nf3 Qg4 21. Nfd4 1/2-1/2

[Event "Rostock SSC op 16th"]
[Site "Rostock"]
[Date "2017.07.28"]
[Round "5"]
[White "Morejko, Wojciech"]
[Black "Wurst, Maximilian"]
[Result "1-0"]
[WhiteElo "1547"]
[BlackElo "1698"]
[PlyCount "119"]
[EventDate "2017.07.26"]
[EventType "swiss"]
[EventRounds "7"]
[EventCountry "GER"]
[SourceTitle "EXT 2018"]
[Source "ChessBase"]
[SourceDate "2017.10.13"]
[SourceVersion "1"]
[SourceVersionDate "2017.10.13"]
[SourceQuality "1"]

1. e4 e5 2. Nf3 Nc6 3. Bb5 Bc5 4. c3 a6 5. Ba4 b5 6. Bb3 Nf6 7. d3 d6 8. h3 0-0 9. 0-0 Be6 10. Bg5 h6 11. Bh4 Qe7 12. Re1 Bxb3 13. axb3 Qe6 14. Nbd2 Nh5 15. Nf1 Nf4 16. d4 exd4 17. cxd4 Bb4 18. d5 Qg6 19. Bg3 Bxe1 20. Bxf4 Bxf2+ 21. Kxf2 Qxe4 22. Bxh6 gxh6 23. dxc6 Qxc6 24. Kg1 Qc5+ 25. Kh1 Qf5 26. Ne3 Qg6 27. Nh4 Qg5 28. Nef5 Rfe8 29. Qd5 Rab8 30. Rf1 Re5 31. Nxh6+ Kh7 32. Qxf7+ Qg7 33. Qxg7+ Kxg7 34. N6f5+ Kh7 35. Nd4 Re4 36. Nhf3 c5 37. Ng5+ Kg7 38. Nxe4 cxd4 39. Nxd6 Rd8 40. Ne4 Re8 41. Ng3 Kg6 42. Rd1 Re3 43. Nf1 Rxb3 44. Rxd4 Kf5 45. Rd2 Kf4 46. Kg1 a5 47. Kf2 a4 48. Rc2 Kf5 49. Nd2 Rd3 50. Nf3 Kf4 51. g3+ Ke4 52. Ne1 Rb3 53. Re2+ Kf5 54. Nf3 Rb4 55. Ne5 Rd4 56. Nc6 Rc4 57. Ne7+ Kf6 58. Nd5+ Kg5 59. Nc3 Kf5 60. Nxb5 1-0